| 000 | 00636nam a22002057a 4500 | ||
|---|---|---|---|
| 003 | DO-SdBNP | ||
| 005 | 20210830101207.0 | ||
| 008 | 210830b 2018 dr 00| 0 eng d | ||
| 020 | _a9789945802269 | ||
| 040 |
_aDO-SdBNP _bspa _cBNPHU |
||
| 100 | 1 |
_aFulgencio, Milagros _974240 |
|
| 245 | 1 |
_aCorazón de siervo / _cMilagros Fulgencio ; prólogo Félix Hernández |
|
| 260 |
_aSanto Domingo : _bBúho ; _c2018. |
||
| 300 |
_a206 p. ; _c22 cm. |
||
| 500 | _aIncluye datos de la autora en la contracubierta | ||
| 504 | _aBibliografía : p. 205-206 | ||
| 700 | 1 |
_aHernández, Féliz, _epról. _979622 |
|
| 910 | _aBtavárez | ||
| 942 |
_2ddc _cLBS1 |
||
| 999 |
_c50315 _d50315 |
||